[Event "Calvia Amateur op 20th"]
[Site "Calvia"]
[Date "2023.10.12"]
[Round "6"]
[White "Jerabek, Jan"]
[Black "Lacrosse, Marc"]
[Result "0-1"]
[WhiteElo "1763"]
[BlackElo "2057"]
[PlyCount "47"]
[EventDate "2023.10.07"]
[EventType "swiss"]
[EventRounds "9"]
[EventCountry "ESP"]
[SourceTitle "Mega2024 Update 01"]
[Source "Chessbase"]
[SourceDate "2023.11.12"]
[SourceVersion "1"]
[SourceVersionDate "2023.11.12"]
[SourceQuality "1"]

1. d4 d5 2. Bf4 c5 3. e3 Nc6 4. c3 Nf6 5. Bd3 Qb6 6. Qc2 c4 7. Be2 Bf5 8. Qc1 e6 9. Nf3 Be7 10. Nbd2 h6 11. h3 0-0 12. g4 Bh7 13. g5 hxg5 14. Nxg5 Bf5 15. h4 Nd7 16. e4 f6 17. exf5 fxg5 18. hxg5 e5 19. Nxc4 Qc7 20. Bf3 g6 21. Bxd5+ Kg7 22. f6+ Bxf6 23. gxf6+ Nxf6 24. Bh6+ 0-1

[Event "Calvia Amateur op 15th"]
[Site "Calvia"]
[Date "2018.10.06"]
[Round "1"]
[White "Jerabek, Jan"]
[Black "Longa Yauca, Javier"]
[Result "0-1"]
[WhiteElo "1813"]
[BlackElo "2287"]
[PlyCount "25"]
[EventDate "2018.10.06"]
[EventType "swiss"]
[EventRounds "9"]
[EventCountry "ESP"]
[SourceTitle "CBM 186 Extra"]
[Source "ChessBase"]
[SourceDate "2018.08.24"]
[SourceVersion "1"]
[SourceVersionDate "2018.08.24"]
[SourceQuality "1"]

1. d4 Nf6 2. Bf4 c5 3. e3 d5 4. c3 Nc6 5. Nd2 e6 6. Ngf3 Bd6 7. Bg3 0-0 8. Bd3 Qe7 9. dxc5 Bxc5 10. Ne5 Nxe5 11. Bxe5 Nd7 12. Bg3 e5 13. Bb5 0-1